000
00338 a2200157 4500
001
152401
040
_c
Escola São Tomás de Aquino
100
_a
AZEVEDO, Álvares de
240
1
0
_a
Poesias completas
_l
por
245
1
0
_a
Poesias completas
300
_a
176
362
0
_a
1995
440
1
_a
Ediouro
697
_a
Poesia
942
_c
BK
999
_c
152401
_d
152401